Statistics for Bodies of Water Quiz

Click here to take the quiz!

General Stats

  • This quiz has been taken 23 times
  • The average score is 11 of 15

Answer Stats

HintAnswer% Correct
West Coast of America, East Coast of AsiaPacific Ocean
95%
Borders UAE; in between Saudi Arabia and IranPersian Gulf
95%
Left of Persian Gulf, right of Sudan and EgyptRed Sea
95%
Sea bordering Italy, Spain, and GreeceMediterranean Sea
89%
East Coast of America, West Coast of Europe/AfricaAtlantic Ocean
84%
To the left of the Caspian SeaBlack Sea
84%
Near Cuba, in between Pacific and Atlantic oceansCaribbean Sea
84%
Large ocean bordering IndiaIndian Ocean
84%
Borders the tip of India, Yemen, and OmanArabian Sea
74%
Up north between Russia and AlaskaBering Sea
74%
To the right of the Black SeaCaspian Sea
74%
Surrounds Japan on the WestSea of Japan
68%
South of China, bordering VietnamSouth China Sea
68%
Small strait between Istanbul in TurkeyBosphorus Strait
32%
Connects Sea of Maramara to Aegean SeaDardanelles Strait
16%

Score Distribution

Percentile by Number Answered

Percent of People with Each Score

Your Score History

You have not taken this quiz